[Event "GRE-ch U10"]
[Site "Peristeri"]
[Date "2023.07.05"]
[Round "4"]
[White "Psarianos, Emmanouil"]
[Black "Papaspyropoulos, Georgios"]
[Result "0-1"]
[WhiteElo "1014"]
[BlackElo "1074"]
[PlyCount "60"]
[EventDate "2023.07.03"]
[EventType "swiss"]
[EventRounds "9"]
[EventCountry "GRE"]
[SourceTitle "EXT 2024"]
[Source "ChessBase"]
[SourceDate "2023.10.10"]
[SourceVersion "1"]
[SourceVersionDate "2023.10.10"]
[SourceQuality "1"]

1. e4 d5 2. exd5 Qxd5 3. Nc3 Qd6 4. d4 Nf6 5. Nf3 c6 6. Bc4 Bg4 7. Be3 e6 8. 0-0 Nbd7 9. Qe2 Be7 10. Rfe1 0-0 11. Rad1 Qc7 12. Bg5 h6 13. Bh4 Bb4 14. Rd3 Nd5 15. Bxd5 cxd5 16. a3 Bd6 17. h3 Bf5 18. Rdd1 Bxa3 19. Nb5 Qxc2 20. Nxa3 Qxe2 21. Rxe2 Nb6 22. Rc1 Rac8 23. Ree1 Na4 24. Rxc8 Rxc8 25. b3 Nc3 26. Kh1 g5 27. Bg3 Ne4 28. Kg1 Nxg3 29. fxg3 Rc3 30. Rb1 Bxb1 0-1